000
00319 a2200109 4500
001
ART_8399
005
20260410161833.0
008
260409a
245
1
0
_a
Reajuste de precios
100
1
_a
Pérez, Carlos Alberto
773
0
_t
Contabilidad y administración
_g
- Año 2, Nº 23 (may. 1979)
_w
REV5485
999
_c
23393
_d
23393